Real or Fictional? - Sudden Death #1 - Statistics

General Stats
  • This quiz has been taken 1,923 times
    1,900 since last reset
  • The average score is 8 of 20
Answers on the Grid
Answers color-coded by a green-red scale on the quiz's grid according to % correct below.
Aladdin
Atlantis
Babel Fish
Barbarossa
Bielefeld
Bigfoot/Sasquatch
Blood Sausage
Cloudbuster
Dark matter
Discordianism
Emu war
Falkor
Goblin Shark
Hamlet
Jackalope
Leogryph
Lightsaber
Loch Ness monster
Mansa Musa
Minas Tirith
Mongolian death worm
Narwhal
Negative mass fluid
Opium war
Philosopher's Stone
Pink Dolphins
Pterodactyl
T-Rex
The Forbidden City
The Kentucky meat shower
Timbuktu
Time machine
Unicorn
Vampire Bat
Vantablack
Zheng Yi Sao
 
Answer Stats
Answer % Correct
T-Rex
67%
Dark matter
59%
Narwhal
57%
Blood Sausage
56%
Opium war
56%
Pterodactyl
55%
Timbuktu
55%
Vampire Bat
50%
The Forbidden City
48%
Emu war
46%
Barbarossa
41%
Goblin Shark
35%
Pink Dolphins
32%
Bielefeld
31%
Mansa Musa
31%
Vantablack
18%
Zheng Yi Sao
16%
The Kentucky meat shower
14%
Discordianism
13%
Negative mass fluid
13%
No matching quizzes found
Score Distribution
Percent of People with Each Score
Percentile by Number Answered
Your Score History
You have not taken this quiz since the last reset